[Event "NOR-ch Class2"]
[Site "Sarpsborg"]
[Date "2018.07.08"]
[Round "3"]
[White "Norvoll, Pal"]
[Black "Dronen, Ole Reza"]
[Result "1-0"]
[WhiteElo "1658"]
[BlackElo "1743"]
[PlyCount "81"]
[EventDate "2018.07.07"]
[EventType "swiss"]
[EventRounds "9"]
[EventCountry "NOR"]
[SourceTitle "EXT 2024"]
[Source "ChessBase"]
[SourceDate "2023.10.10"]
[SourceVersion "1"]
[SourceVersionDate "2023.10.10"]
[SourceQuality "1"]

1. e4 d6 2. d4 Nf6 3. Nc3 e5 4. Nf3 Nbd7 5. Bc4 Be7 6. 0-0 c6 7. a4 Qc7 8. d5 h6 9. h3 a5 10. Be3 Nf8 11. Qd2 g5 12. Rfd1 Ng6 13. dxc6 bxc6 14. Ne1 Nf4 15. h4 Ng4 16. Bxf4 gxf4 17. Nf3 Rg8 18. Nd5 Qd8 19. Nxe7 Kxe7 20. b4 Nf6 21. Re1 Bh3 22. Bf1 Qd7 23. Nh2 Bxg2 24. Bxg2 Qh3 25. f3 Rxg2+ 26. Qxg2 Rg8 27. Ng4 Qxg2+ 28. Kxg2 Nxg4 29. fxg4 Rxg4+ 30. Kf3 Rxh4 31. b5 Rh3+ 32. Kg2 Rg3+ 33. Kf2 Kd7 34. Rh1 Rc3 35. Ra2 Rc4 36. Kf3 Rc3+ 37. Kg4 Rg3+ 38. Kf5 Rg5+ 39. Kf6 Rg6+ 40. Kxf7 Re6 41. bxc6+ 1-0

[Event "Molde Rosecupen A"]
[Site "Molde"]
[Date "2018.06.02"]
[Round "3.5"]
[White "Bentsen, Hakon"]
[Black "Dronen, Ole Reza"]
[Result "1-0"]
[WhiteElo "2135"]
[BlackElo "1769"]
[PlyCount "93"]
[EventDate "2018.06.02"]
[EventType "swiss"]
[EventRounds "6"]
[EventCountry "NOR"]
[SourceTitle "EXT 2024"]
[Source "ChessBase"]
[SourceDate "2023.10.10"]
[SourceVersion "1"]
[SourceVersionDate "2023.10.10"]
[SourceQuality "1"]

1. e4 d6 2. d4 Nf6 3. Nc3 e5 4. Nf3 Nbd7 5. Bc4 Be7 6. 0-0 c6 7. Bb3 Qc7 8. Qe2 h6 9. Be3 Ng4 10. Qc4 0-0 11. Nd5 Qd8 12. Nxe7+ Qxe7 13. Qd3 Nxe3 14. fxe3 Nf6 15. Rae1 Be6 16. Nh4 g6 17. d5 cxd5 18. exd5 e4 19. Qd4 Nxd5 20. Nxg6 fxg6 21. Bxd5 Bxd5 22. Qxd5+ Kh7 23. Rd1 Rxf1+ 24. Rxf1 Kg7 25. Qd4+ Kh7 26. Rf4 Rf8 27. Rxe4 Qc7 28. h3 Rf7 29. Qd3 h5 30. Re6 Rg7 31. Rxd6 Qe7 32. Rd5 Qh4 33. Rd7 Qf6 34. Rxg7+ Qxg7 35. Qd4 Qc7 36. Qxa7 Qxc2 37. Qxb7+ Kh6 38. Qb6 Qb1+ 39. Kh2 Qxa2 40. Qf6 Qa7 41. Qh8+ Kg5 42. h4+ Kf5 43. Qd4 Qb7 44. e4+ Ke6 45. Qd5+ Qxd5 46. exd5+ Kxd5 47. Kg3 1-0

[Event "Alesund Grand Prix A"]
[Site "Alesund"]
[Date "2018.04.06"]
[Round "1"]
[White "Dronen, Ole Reza"]
[Black "Juksta, Karolis"]
[Result "0-1"]
[WhiteElo "1767"]
[BlackElo "2123"]
[PlyCount "76"]
[EventDate "2018.04.06"]
[EventType "swiss (rapid)"]
[EventRounds "6"]
[EventCountry "NOR"]
[SourceTitle "EXT 2024"]
[Source "ChessBase"]
[SourceDate "2023.10.10"]
[SourceVersion "1"]
[SourceVersionDate "2023.10.10"]
[SourceQuality "1"]

1. f4 d6 2. Nf3 Bg4 3. e4 e6 4. Be2 d5 5. d3 Nf6 6. Nc3 Bc5 7. Ne5 Bxe2 8. Qxe2 0-0 9. Bd2 Nc6 10. Nxc6 bxc6 11. Na4 Be7 12. e5 Nd7 13. d4 c5 14. c3 cxd4 15. cxd4 c5 16. Be3 Qa5+ 17. Nc3 Qb6 18. dxc5 Bxc5 19. Bxc5 Nxc5 20. Rd1 Rfd8 21. Rd2 Rac8 22. Qf2 d4 23. Nd1 Ne4 24. Qe2 Nxd2 25. Qxd2 Qc5 26. 0-0 Qc2 27. Rf2 Qb1 28. h3 Qxa2 29. Kh2 Qb3 30. Rf3 Qb5 31. Nf2 Qc4 32. Ne4 Qc2 33. Qxc2 Rxc2 34. Rb3 d3 35. Nd6 d2 36. Rd3 Rxb2 37. Kg3 Rdb8 38. Nc4 R2b3 0-1

[Event "NOR-chT Club"]
[Site "Kristiansund"]
[Date "2017.10.22"]
[Round "6.14"]
[White "Dronen, Ole Reza"]
[Black "Lillelokken, Kjell Arne"]
[Result "1-0"]
[WhiteElo "1797"]
[BlackElo "2128"]
[PlyCount "65"]
[EventDate "2017.10.20"]
[EventType "team-tourn"]
[EventRounds "6"]
[EventCountry "NOR"]
[SourceTitle "CBM 181 Extra"]
[Source "ChessBase"]
[SourceDate "2017.12.12"]
[SourceVersion "1"]
[SourceVersionDate "2017.12.12"]
[SourceQuality "1"]
[WhiteTeam "Aalesunds Favoritt"]
[BlackTeam "Levanger"]
[WhiteTeamCountry "NOR"]
[BlackTeamCountry "NOR"]

1. f4 d5 2. Nf3 g6 3. e3 Bg7 4. Be2 f5 5. 0-0 Nf6 6. c4 e6 7. Nc3 0-0 8. d4 c6 9. c5 b6 10. b4 a5 11. Na4 bxc5 12. bxc5 Nbd7 13. Rb1 Ne4 14. Bd2 h6 15. Qe1 Nxd2 16. Qxd2 g5 17. Nb6 Ra7 18. fxg5 hxg5 19. Nxc8 Qxc8 20. Nxg5 Qe8 21. Rf3 Qe7 22. Rg3 e5 23. Rf1 f4 24. exf4 exd4 25. Qd3 Rf6 26. Qh7+ Kf8 27. Bg4 Nxc5 28. Qh3 Rh6 29. Bh5 Ra8 30. Qf5+ Kg8 31. Bf7+ Kh8 32. Rh3 Qd6 33. Qh7+ 1-0